| 000 | 01312nam a2200313 c 4500 | ||
|---|---|---|---|
| 003 | BLK | ||
| 005 | 20180421000406.0 | ||
| 008 | 180411b bul|||||r ||||||| ||bul|| | ||
| 010 | _aKNG00195381000 | ||
| 040 | _aBLK | ||
| 041 |
_aBUL _cBUL |
||
| 080 |
_aПодемно-транспортно оборудване в цялост. Вж и 621.87; 625.08; 625.1/.5; 625.5; 629.1; 658.286.2 _b621.86 _x _z621.86 |
||
| 100 | 1 |
_aМрянков, Георги Ил. _eпърви автор _999436 |
|
| 700 | 1 |
_aРадев, Радостин Пенев _eсъавт. _9344087 |
|
| 139 |
_aПодемно-транспортни машини _bП 64 |
||
| 245 | 1 | 0 |
_aПодемно-транспортни машини _bУчебник за студентите от ВХТИ - София _cГеорги Ил. Мрянков; съавт. Радостин Пенев Радев. |
| 257 | _aBGR | ||
| 260 |
_аСофия _bТехника _c1983 |
||
| 300 |
_a239 с. _bс ил. _c22 см |
||
| 380 | _a62 | ||
| 500 | _a1 590 тир. | ||
| 650 | 4 |
_aПодемно-транспортни машини _9258627 |
|
| 653 | _aучебници за ВУЗ | ||
| 852 | _aЦб 123942 | ||
| 856 | 4 |
_qpdf _u |
|
| 856 | 4 |
_qpdf _u |
|
| 942 |
_cKNG _n0 |
||
| 944 |
_aCR _c07.11.2016 _kСтанимира_Цанева |
||
| 944 |
_aED _c07.11.2016 _kСтанимира_Цанева |
||
| 999 |
_c186387 _d186387 |
||